00471 2200181 4500001002100000005001500021035002000036007000300056008004100059082000800100084001400108100002200122245005200144250000600196260005200202300002100254600001400275INLIS00000000000094820220616084811 a0010-0622000092ta220616 g 0 ind  a895 a895 MAR s0 aMarfuah, Maharati1 aSerba-serbi Fiqih Keguguran /cMaharati Marfuah a1 aJakarta Selatan :bRumah Fikih Publising,c2019 a34 hlm. ;c20 cm 4aNon Fiksi